| 000 | 01302nam a22002657a 4500 | ||
|---|---|---|---|
| 001 | 8997 | ||
| 003 | FISKH | ||
| 005 | 20251113102350.0 | ||
| 008 | 251113b cb ||||| |||| 00| 0 eng d | ||
| 020 | _a9788956355078 | ||
| 040 |
_aFISKH _beng _cFISKH _dFISKH |
||
| 082 | _a398.2 | ||
| 100 | _aSormark, Julie | ||
| 245 |
_aThe Hare and the Hedgehog : _bThrough the art style of Claude Monet / _cRetold by Julie Sormark |
||
| 260 |
_aSeoull : _bEfuture, _c2010. |
||
| 300 |
_a35 pages : _bcolor illustrations ; _c24 cm |
||
| 505 | _aP | ||
| 520 | _aThe story is a retelling of the classic Brothers Grimm folktale. A boastful hare mocks the humble hedgehog for his short legs and slow pace. The hedgehog challenges the hare to a race and cleverly devises a trick: he and his wife take turns appearing at the finish line, shouting āIām already here!ā each time the hare reaches the end of his furrow. Repeatedly outsmarted, the hare eventually collapses from exhaustion. The tale teaches a lesson about humility, cleverness, and the dangers of underestimating others. | ||
| 521 | 8 |
_a600
_bLexile estimate |
|
| 521 | 8 |
_aP
_bRaz-Plus |
|
| 650 |
_aAnimals _vTrickery / Cleverness _xHare Hedgehog |
||
| 700 |
_aMonet, Claude _eillustrator |
||
| 942 |
_2ddc _cBK _n0 |
||
| 999 |
_c8997 _d8997 |
||